000 01162nam a2200325Ia 4500
001 dia_6682
003 CHAP
005 20231201112328.0
008 220117s2014 xx 000 0 und d
010 _a177935
020 _a978-0-12-420155-2
040 _cCHAP
082 _a690.83704724 P53 2014
100 _aPlante, Russell H.
_9162524
245 _aSolar energy, photovoltaics, and domestic hot water : a technical and economic guide for project planners, builders, and property owners /
_c Russell H. Plante
260 _aEstados Unidos de América :
_b Academic Press,
_c2014
300 _axiii, 230 p.
504 _aBibliografĂ­a: p. 225-226
590 _aTH7414 P53 2014
650 _aBuilding
_xintegrated photovoltaic systems
_9162525
650 _aCalentadores de agua solares
_9162526
650 _aCasas solares
_9162527
650 _aSistemas fotovoltaicos integrados en edificios
_9162528
650 _aSolar houses
_9162529
650 _aSolar water heaters
_9162530
901 _a690.83704724 P53 2014
902 _aA
905 _a5232272014 -usaimn8222223322eng16
942 _cLIBRO
_2ddc
999 _c177935
_d177935